000 00508nam a2200217 454500
001 033596
003 BD-ChCU
008 Eng
020 _ax
040 _aDLC
_cDLC
_dBD-ChCU
082 0 0 _a181.5092/A257a
100 1 _aAfnan, Soheil M.
_bx
245 1 0 _aAvicenna : his life and works
_bx
250 _ax
260 _aConnecticute
_bGreenwood Press
_c1980
300 _a298p.
504 _ax
650 0 _a1. Avicenna - biography 2. Philosophy
_bBiography
700 1 _ax
942 _2ddc
_cBK
999 _c33596
_d33596